[Event "Bundesliga 1516"]
[Site "Germany"]
[Date "2016.02.06"]
[Round "5.7"]
[White "Meier, Georg"]
[Black "Berndt, Stephan"]
[Result "1-0"]
[WhiteElo "2656"]
[BlackElo "2432"]
[PlyCount "71"]
[EventDate "2015.09.18"]
[EventType "team-tourn"]
[EventRounds "15"]
[EventCountry "GER"]
[SourceTitle "CBM 171"]
[Source "ChessBase"]
[SourceDate "2016.03.14"]
[SourceVersion "2"]
[SourceVersionDate "2016.03.14"]
[SourceQuality "1"]
[WhiteTeam "Baden-Baden"]
[BlackTeam "Berlin SF"]
[WhiteTeamCountry "GER"]
[BlackTeamCountry "GER"]

1. Nf3 Nf6 2. c4 e6 3. g3 b6 4. Bg2 Bb7 5. 0-0 Be7 6. Nc3 0-0 7. d4 Ne4 8. Bd2 d5 9. cxd5 exd5 10. Rc1 Nd7 11. Bf4 c5 12. Nxe4 dxe4 13. Nd2 f5 14. b4 Kh8 15. bxc5 bxc5 16. Nb3 Rc8 17. d5 Bf6 18. Qd2 c4 19. Nd4 c3 20. Rxc3 Rxc3 21. Qxc3 Bxd5 22. Rd1 Nb6 23. Qa3 Bg8 24. Bc7 Nc4 25. Bxd8 Nxa3 26. Bxf6 Rxf6 27. Rc1 Nc4 28. e3 g6 29. g4 h5 30. Bf1 Nb6 31. gxf5 gxf5 32. Rc5 Bxa2 33. Nxf5 Bd5 34. Ne7 Rd6 35. Bh3 Bf7 36. Kg2 1-0

[Event "Bundesliga 1213"]
[Site "Germany"]
[Date "2013.04.07"]
[Round "15.5"]
[White "Berndt, Stephan"]
[Black "Burg, Twan"]
[Result "1-0"]
[WhiteElo "2443"]
[BlackElo "2502"]
[PlyCount "61"]
[EventDate "2012.10.20"]
[EventType "team-tourn"]
[EventRounds "15"]
[EventCountry "GER"]
[SourceTitle "CBM 154"]
[Source "ChessBase"]
[SourceDate "2013.05.15"]
[SourceVersion "1"]
[SourceVersionDate "2013.05.15"]
[SourceQuality "1"]
[WhiteTeam "Berlin SF"]
[BlackTeam "Emsdetten Turm"]
[WhiteTeamCountry "GER"]
[BlackTeamCountry "GER"]

1. e4 c5 2. Nf3 d6 3. d4 cxd4 4. Nxd4 Nf6 5. Nc3 a6 6. Bc4 e6 7. Bb3 Nbd7 8. Bg5 Nc5 9. f4 Be7 10. Qf3 Qc7 11. f5 h6 12. Bh4 0-0 13. 0-0 Nxb3 14. axb3 Bd7 15. Rad1 b5 16. Kh1 Rae8 17. b4 Nh7 18. Bxe7 Rxe7 19. Qg3 Nf6 20. Qh4 Bc8 21. Rf3 Bb7 22. Rg3 Kh7 23. Rdd3 Rg8 24. Rg5 g6 25. Rh3 h5 26. Rxg6 fxg6 27. Qxf6 Rgg7 28. fxg6+ Kg8 29. Rxh5 Qc8 30. Qh4 Kf8 31. Rh8+ 1-0

[Event "Bundesliga 1213"]
[Site "Germany"]
[Date "2013.04.06"]
[Round "14.5"]
[White "Babula, Vlastimil"]
[Black "Berndt, Stephan"]
[Result "1-0"]
[WhiteElo "2585"]
[BlackElo "2443"]
[PlyCount "87"]
[EventDate "2012.10.20"]
[EventType "team-tourn"]
[EventRounds "15"]
[EventCountry "GER"]
[SourceTitle "CBM 154"]
[Source "ChessBase"]
[SourceDate "2013.05.15"]
[SourceVersion "1"]
[SourceVersionDate "2013.05.15"]
[SourceQuality "1"]
[WhiteTeam "Werder Bremen"]
[BlackTeam "Berlin SF"]
[WhiteTeamCountry "GER"]
[BlackTeamCountry "GER"]

1. d4 Nf6 2. c4 e6 3. Nc3 Bb4 4. e3 c5 5. Nge2 cxd4 6. exd4 0-0 7. a3 Be7 8. Nf4 d5 9. Be3 Nc6 10. cxd5 Nxd5 11. Ncxd5 exd5 12. Bd3 Bg5 13. 0-0 Bxf4 14. Bxf4 Qf6 15. Be3 Bf5 16. Be2 Rfe8 17. Re1 h6 18. Bf1 Re6 19. Qd2 Rae8 20. b4 a6 21. a4 Ne7 22. b5 Ng6 23. bxa6 bxa6 24. f3 Rc8 25. Rac1 Rec6 26. Rc5 Bd7 27. a5 Nh4 28. Bf2 Nf5 29. Rxd5 Rc2 30. Qf4 Be6 31. Rde5 g5 32. Qe4 Nd6 33. Qd3 Ra2 34. Qxa6 Bc4 35. Bxc4 Rxc4 36. h3 Rxf2 37. Qa8+ Rc8 38. Re8+ Kh7 39. Rxc8 Qxd4 40. Rh8+ Kg6 41. Kh1 Ra2 42. Qf8 Ra1 43. Rxh6+ Kf5 44. Qe7 1-0

[Event "Bundesliga 1213"]
[Site "Germany"]
[Date "2013.03.16"]
[Round "11.5"]
[White "Berndt, Stephan"]
[Black "Feygin, Michael"]
[Result "0-1"]
[WhiteElo "2443"]
[BlackElo "2538"]
[PlyCount "82"]
[EventDate "2012.10.20"]
[EventType "team-tourn"]
[EventRounds "15"]
[EventCountry "GER"]
[SourceTitle "CBM 154"]
[Source "ChessBase"]
[SourceDate "2013.05.15"]
[SourceVersion "1"]
[SourceVersionDate "2013.05.15"]
[SourceQuality "1"]
[WhiteTeam "Berlin SF"]
[BlackTeam "Muelheim"]
[WhiteTeamCountry "GER"]
[BlackTeamCountry "GER"]

1. e4 e6 2. d4 d5 3. Nc3 Bb4 4. e5 c5 5. a3 Bxc3+ 6. bxc3 Qa5 7. Bd2 Qa4 8. Nf3 c4 9. h4 Nc6 10. h5 h6 11. g3 Bd7 12. Bh3 0-0-0 13. 0-0 Nge7 14. Re1 Rdg8 15. Nh4 g6 16. Ra2 Qa5 17. a4 Rh7 18. Kh2 gxh5 19. Qe2 Ng6 20. Ng2 h4 21. g4 Rf8 22. f4 Nce7 23. g5 Nf5 24. Bxf5 exf5 25. Qf3 hxg5 26. fxg5 h3 27. Nf4 Be6 28. Rb1 Nxf4 29. Rb5 Qa6 30. Bxf4 Kb8 31. Qg3 Rg8 32. Rab2 Ka8 33. a5 Rhh8 34. Qe1 Rb8 35. Qb1 Rh4 36. Bg3 Rg4 37. Qc1 f4 38. Bxf4 Rg2+ 39. Kh1 Bf5 40. e6 Qxe6 41. a6 Qe4 0-1

[Event "Bundesliga 1112"]
[Site "Germany"]
[Date "2011.12.11"]
[Round "7.6"]
[White "Naumann, Alexander"]
[Black "Berndt, Stephan"]
[Result "1-0"]
[WhiteElo "2546"]
[BlackElo "2441"]
[PlyCount "101"]
[EventDate "2011.10.14"]
[EventType "team-tourn"]
[EventRounds "15"]
[EventCountry "GER"]
[SourceTitle "CBM 146"]
[Source "ChessBase"]
[SourceDate "2012.01.18"]
[SourceVersion "1"]
[SourceVersionDate "2012.01.18"]
[SourceQuality "1"]
[WhiteTeam "Solingen"]
[BlackTeam "Berlin SF"]
[WhiteTeamCountry "GER"]
[BlackTeamCountry "GER"]

1. d4 Nf6 2. c4 e6 3. Nc3 Bb4 4. Nf3 b6 5. Qc2 Bb7 6. a3 Bxc3+ 7. Qxc3 0-0 8. Bg5 h6 9. Bh4 d6 10. Nd2 Nbd7 11. f3 Re8 12. e4 e5 13. d5 a5 14. Bf2 Nh5 15. b3 Qe7 16. g3 c5 17. Bd3 Nf8 18. Kd1 Bc8 19. Kc2 Bd7 20. b4 Reb8 21. bxc5 bxc5 22. Rhb1 Ba4+ 23. Kc1 Qc7 24. Rxb8 Rxb8 25. Rb1 Rxb1+ 26. Nxb1 Be8 27. Be1 a4 28. Bc2 Qe7 29. Qe3 Nf6 30. Qd2 N6h7 31. Qd1 Qg5+ 32. Bd2 Qf6 33. Nc3 Ng5 34. f4 exf4 35. gxf4 Ngh7 36. Qe2 Ng6 37. Qe3 Nhf8 38. Kb1 Qh4 39. Qg3 Qf6 40. Qe3 Qh4 41. e5 Qxh2 42. exd6 Bd7 43. Nxa4 Qh1+ 44. Kb2 Qh4 45. Nxc5 Qf6+ 46. Bc3 Qxd6 47. f5 Ne7 48. Nxd7 Nxd7 49. Bb4 Qf6+ 50. Ka2 Ne5 51. Bc3 1-0

[Event "Bundesliga 1011"]
[Site "Germany"]
[Date "2011.04.09"]
[Round "14.7"]
[White "Bulski, Krzysztof"]
[Black "Berndt, Stephan"]
[Result "1/2-1/2"]
[WhiteElo "2459"]
[BlackElo "2442"]
[PlyCount "75"]
[EventDate "2010.10.09"]
[EventType "team-tourn"]
[EventRounds "15"]
[EventCountry "GER"]
[SourceTitle "EXT 2012"]
[Source "ChessBase"]
[SourceDate "2011.11.24"]
[SourceVersion "1"]
[SourceVersionDate "2011.11.24"]
[SourceQuality "1"]
[WhiteTeam "Griesheim"]
[BlackTeam "Berlin SF"]
[WhiteTeamCountry "GER"]
[BlackTeamCountry "GER"]

1. e4 c5 2. Nf3 d6 3. d4 cxd4 4. Nxd4 Nf6 5. Nc3 g6 6. Be3 Bg7 7. f3 0-0 8. Qd2 Nc6 9. 0-0-0 d5 10. exd5 Nxd5 11. Nxc6 bxc6 12. Bd4 e5 13. Bc5 Be6 14. Ne4 Re8 15. Bc4 Qc7 16. g4 Red8 17. Qf2 Nf4 18. Bxe6 Nxe6 19. g5 Rd5 20. c4 Rxd1+ 21. Rxd1 Qa5 22. Kb1 Rd8 23. Rxd8+ Qxd8 24. Kc2 Nxg5 25. Nxg5 Qxg5 26. Bxa7 Qf5+ 27. Kb3 Qd3+ 28. Kb4 Bh6 29. b3 Bd2+ 30. Ka4 Bc3 31. Qe3 Qc2 32. a3 Bd4 33. Bxd4 exd4 34. Qxd4 Qxh2 35. Qd8+ Kg7 36. Qd4+ Kg8 37. Qd8+ Kg7 38. Qd4+ 1/2-1/2

[Event "Bundesliga 1011"]
[Site "Germany"]
[Date "2010.12.11"]
[Round "5.4"]
[White "Berndt, Stephan"]
[Black "Acs, Peter"]
[Result "1/2-1/2"]
[WhiteElo "2442"]
[BlackElo "2601"]
[PlyCount "81"]
[EventDate "2010.10.09"]
[EventType "team-tourn"]
[EventRounds "15"]
[EventCountry "GER"]
[SourceTitle "EXT 2012"]
[Source "ChessBase"]
[SourceDate "2011.11.24"]
[SourceVersion "1"]
[SourceVersionDate "2011.11.24"]
[SourceQuality "1"]
[WhiteTeam "Berlin SF"]
[BlackTeam "Eppingen"]
[WhiteTeamCountry "GER"]
[BlackTeamCountry "GER"]

1. e4 e5 2. Nf3 Nc6 3. Bb5 a6 4. Ba4 Nf6 5. 0-0 Be7 6. Re1 b5 7. Bb3 d6 8. c3 0-0 9. d4 Bg4 10. Be3 Qc8 11. Nbd2 Na5 12. Bc2 c5 13. dxe5 dxe5 14. h3 Bxf3 15. Qxf3 Rd8 16. Nf1 Qe6 17. Bg5 Ra7 18. Ne3 Nc4 19. Nxc4 bxc4 20. Rad1 Rad7 21. Rxd7 h6 22. Red1 Rxd7 23. Bc1 Rxd1+ 24. Qxd1 Nd7 25. Qe2 Nb6 26. Be3 Kf8 27. Qd2 Qd6 28. Qxd6 Bxd6 29. Kf1 Ke7 30. h4 Ke6 31. Ke2 Be7 32. g3 Bf8 33. Kd2 h5 34. Bd1 g6 35. Be2 Kd6 36. Kc2 Be7 37. b3 Kc6 38. Bf1 Bd8 39. Be2 Be7 40. Bf1 Bd8 41. Be2 1/2-1/2

[Event "Bundesliga 0809"]
[Site "Germany"]
[Date "2009.01.31"]
[Round "10.6"]
[White "Berndt, Stephan"]
[Black "Ernst, Sipke"]
[Result "1/2-1/2"]
[WhiteElo "2440"]
[BlackElo "2576"]
[PlyCount "58"]
[EventDate "2008.10.03"]
[EventType "team-tourn"]
[EventRounds "15"]
[EventCountry "GER"]
[SourceTitle "CBM 128 Extra"]
[Source "ChessBase"]
[SourceDate "2009.03.05"]
[SourceVersion "2"]
[SourceVersionDate "2009.03.25"]
[SourceQuality "1"]
[WhiteTeam "Berlin SF"]
[BlackTeam "Solingen"]
[WhiteTeamCountry "GER"]
[BlackTeamCountry "GER"]

1. e4 e5 2. Nf3 Nf6 3. d4 Nxe4 4. Bd3 d5 5. dxe5 Nc5 6. 0-0 Be7 7. Nc3 c6 8. Nd4 Nxd3 9. Qxd3 0-0 10. Nf5 Bxf5 11. Qxf5 Qd7 12. Qd3 Na6 13. Ne2 f6 14. exf6 Bxf6 15. c3 Nc5 16. Qc2 Bd8 17. Be3 Bb6 18. c4 Qf7 19. cxd5 Qxd5 20. Rad1 Qf5 21. Qxf5 Rxf5 22. Nc3 Re8 23. Rfe1 Rfe5 24. Kf1 h6 25. Bxc5 Rxe1+ 26. Rxe1 Rxe1+ 27. Kxe1 Bxc5 28. Ne4 Be7 29. f4 Kf7 1/2-1/2

[Event "Bundesliga 0809"]
[Site "Germany"]
[Date "2008.12.13"]
[Round "8.4"]
[White "Negi, Parimarjan"]
[Black "Berndt, Stephan"]
[Result "1-0"]
[WhiteElo "2597"]
[BlackElo "2440"]
[PlyCount "109"]
[EventDate "2008.10.03"]
[EventType "team-tourn"]
[EventRounds "15"]
[EventCountry "GER"]
[SourceTitle "CBM 127 Extra"]
[Source "ChessBase"]
[SourceDate "2009.01.08"]
[SourceVersion "2"]
[SourceVersionDate "2009.01.28"]
[SourceQuality "1"]
[WhiteTeam "Katernberg"]
[BlackTeam "Berlin SF"]
[WhiteTeamCountry "GER"]
[BlackTeamCountry "GER"]

1. e4 c5 2. Nf3 d6 3. d4 cxd4 4. Nxd4 Nf6 5. Nc3 g6 6. Be3 Bg7 7. f3 0-0 8. Qd2 Nc6 9. Bc4 Bd7 10. 0-0-0 Rc8 11. Bb3 Nxd4 12. Bxd4 b5 13. Nd5 Nxd5 14. Bxg7 Kxg7 15. exd5 a5 16. a3 b4 17. axb4 axb4 18. h4 Qa5 19. Qd4+ f6 20. Kd2 Qc5 21. Qxc5 dxc5 22. Bc4 Rfd8 23. Ke3 Be8 24. Ra1 Rc7 25. Ra5 Bf7 26. Rd1 Rd6 27. Rd3 g5 28. g3 h6 29. f4 Bg6 30. Rd2 Bf7 31. f5 Bh5 32. Ke4 Bg4 33. Rf2 Rd8 34. Rf1 Bh3 35. Rg1 Bg4 36. b3 Rd6 37. Ra8 Rdd7 38. hxg5 fxg5 39. Rga1 Rd6 40. R1a6 h5 41. Ke5 Rcd7 42. Rc6 Bf3 43. Rxd6 Rxd6 44. Ra7 Kf8 45. Ra8+ Kg7 46. Re8 Kf7 47. Rc8 Bg4 48. Rxc5 h4 49. gxh4 gxh4 50. Rc7 h3 51. f6 Bd7 52. Rxd7 Rxd7 53. d6+ Ke8 54. fxe7 h2 55. Bd5 1-0

[Event "Bundesliga 0809"]
[Site "Germany"]
[Date "2008.11.30"]
[Round "6.5"]
[White "Medvegy, Zoltan"]
[Black "Berndt, Stephan"]
[Result "1/2-1/2"]
[WhiteElo "2556"]
[BlackElo "2440"]
[PlyCount "122"]
[EventDate "2008.10.03"]
[EventType "team-tourn"]
[EventRounds "15"]
[EventCountry "GER"]
[SourceTitle "CBM 127 Extra"]
[Source "ChessBase"]
[SourceDate "2009.01.08"]
[SourceVersion "2"]
[SourceVersionDate "2009.01.28"]
[SourceQuality "1"]
[WhiteTeam "Eppingen"]
[BlackTeam "Berlin SF"]
[WhiteTeamCountry "GER"]
[BlackTeamCountry "GER"]

1. Nf3 Nf6 2. c4 b6 3. g3 c5 4. Bg2 Bb7 5. 0-0 g6 6. Nc3 Bg7 7. d4 cxd4 8. Qxd4 d6 9. Rd1 Nbd7 10. Be3 Rc8 11. Rac1 0-0 12. Qh4 a6 13. b3 Rc7 14. Bh3 Qb8 15. g4 Bxf3 16. exf3 b5 17. g5 Ne5 18. Bg2 Nfd7 19. Ne2 b4 20. Bd4 Nc5 21. Rc2 f6 22. f4 fxg5 23. fxg5 Nf3+ 24. Bxf3 Rxf3 25. Bxg7 Kxg7 26. Qd4+ Kg8 27. Nf4 Qb7 28. Nd5 Rf5 29. h4 Rd7 30. Re2 a5 31. Rde1 e5 32. Rxe5 dxe5 33. Qxc5 Rdf7 34. Nf6+ R7xf6 35. gxf6 Qf3 36. Qe3 Qc6 37. f7+ Kxf7 38. Qa7+ Kg8 39. Qb8+ Kg7 40. Rxe5 Qf3 41. Rxf5 Qxf5 42. Qc7+ Kh6 43. c5 Qb1+ 44. Kg2 Qe4+ 45. Kg3 Qd3+ 46. f3 Qc3 47. Qe7 Qd4 48. Qd6 Qg1+ 49. Kf4 Qh2+ 50. Ke4 Qxa2 51. c6 Qc2+ 52. Ke5 a4 53. Qf8+ Kh5 54. bxa4 b3 55. Qe7 Qe2+ 56. Kf6 Qxe7+ 57. Kxe7 b2 58. c7 b1Q 59. c8Q Qb4+ 60. Kf7 Qxa4 61. Kg7 Qxh4 1/2-1/2

[Event "Bundesliga 0607"]
[Site "Germany"]
[Date "2007.04.01"]
[Round "15.4"]
[White "Berndt, Stephan"]
[Black "Meier, Georg"]
[Result "1-0"]
[WhiteElo "2430"]
[BlackElo "2512"]
[PlyCount "83"]
[EventDate "2006.10.28"]
[EventType "team-tourn"]
[EventRounds "15"]
[EventCountry "GER"]
[SourceTitle "CBM 118"]
[Source "ChessBase"]
[SourceDate "2007.05.31"]
[SourceVersion "1"]
[SourceVersionDate "2007.05.31"]
[SourceQuality "1"]
[WhiteTeam "Berlin SF"]
[BlackTeam "Eppingen"]
[WhiteTeamCountry "GER"]
[BlackTeamCountry "GER"]

1. e4 c5 2. Nf3 e6 3. d4 cxd4 4. Nxd4 a6 5. Nc3 Qc7 6. Bd3 Nc6 7. Be3 Nf6 8. 0-0 Ne5 9. h3 b5 10. f4 Nc4 11. Bxc4 Qxc4 12. e5 Nd5 13. Nxd5 Qxd5 14. Qe2 Bb7 15. Nb3 Rc8 16. c3 Be7 17. Rad1 Qe4 18. Rd4 Qg6 19. Qg4 Qxg4 20. hxg4 h5 21. f5 Bd5 22. Rxd5 exd5 23. g5 Rc4 24. f6 Bf8 25. Bd4 g6 26. Nd2 Rc6 27. b4 Re6 28. Nf3 d6 29. Rd1 h4 30. Kh2 dxe5 31. Bxe5 Bd6 32. Rxd5 Bxe5+ 33. Nxe5 h3 34. gxh3 0-0 35. Kg3 Rc8 36. Kf4 Kf8 37. Rd7 Ke8 38. Ra7 Rd8 39. h4 Rc8 40. h5 gxh5 41. Nxf7 Rxc3 42. Ne5 1-0

[Event "Bundesliga 0607"]
[Site "Germany"]
[Date "2007.03.31"]
[Round "14.4"]
[White "Sokolov, Andrei"]
[Black "Berndt, Stephan"]
[Result "1/2-1/2"]
[WhiteElo "2580"]
[BlackElo "2445"]
[PlyCount "97"]
[EventDate "2006.10.28"]
[EventType "team-tourn"]
[EventRounds "15"]
[EventCountry "GER"]
[SourceTitle "CBM 118"]
[Source "ChessBase"]
[SourceDate "2007.05.31"]
[SourceVersion "1"]
[SourceVersionDate "2007.05.31"]
[SourceQuality "1"]
[WhiteTeam "Tegernsee"]
[BlackTeam "Berlin SF"]
[WhiteTeamCountry "GER"]
[BlackTeamCountry "GER"]

1. e4 c5 2. Nf3 d6 3. d4 cxd4 4. Nxd4 Nf6 5. Nc3 g6 6. Be3 Bg7 7. f3 0-0 8. Qd2 Nc6 9. 0-0-0 d5 10. exd5 Nxd5 11. Nxc6 bxc6 12. Bd4 e5 13. Bc5 Be6 14. Ne4 Re8 15. Bc4 Qc7 16. g4 h6 17. g5 hxg5 18. h4 gxh4 19. Rxh4 Nf4 20. Rdh1 Bxc4 21. Qh2 f6 22. Nd6 Qxd6 23. Bxd6 Kf7 24. Rh7 Rg8 25. Qf2 g5 26. b3 Bd5 27. Rd1 Kg6 28. Rhh1 a5 29. a4 Rh8 30. Rxh8 Rxh8 31. c4 Be6 32. Bc7 Bf5 33. Bxa5 Nd3+ 34. Rxd3 Bxd3 35. Bc3 Rh1+ 36. Kb2 Rb1+ 37. Ka2 Rc1 38. Bb2 Bb1+ 39. Ka1 Rd1 40. Qe2 Bc2+ 41. Ka2 Bb1+ 42. Ka1 Bc2+ 43. Ka2 Bb1+ 44. Ka1 Bc2+ 45. Bc1 Bxb3 46. Qe4+ Kh6 47. Qxc6 Rxc1+ 48. Kb2 Rxc4 49. Qb5 1/2-1/2

[Event "Bundesliga 0607"]
[Site "Germany"]
[Date "2007.02.04"]
[Round "9.6"]
[White "Appel, Ralf"]
[Black "Berndt, Stephan"]
[Result "1-0"]
[WhiteElo "2507"]
[BlackElo "2445"]
[PlyCount "80"]
[EventDate "2006.10.28"]
[EventType "team-tourn"]
[EventRounds "15"]
[EventCountry "GER"]
[SourceTitle "CBM 118"]
[Source "ChessBase"]
[SourceDate "2007.05.31"]
[SourceVersion "1"]
[SourceVersionDate "2007.05.31"]
[SourceQuality "1"]
[WhiteTeam "Wattenscheid"]
[BlackTeam "Berlin SF"]
[WhiteTeamCountry "GER"]
[BlackTeamCountry "GER"]

1. d4 Nf6 2. Nf3 e6 3. Bf4 b6 4. c3 Bb7 5. Nbd2 Be7 6. h3 0-0 7. e3 c5 8. Bd3 cxd4 9. exd4 Nc6 10. 0-0 d6 11. Bg3 a6 12. a4 Re8 13. Re1 Nb8 14. Qb3 Ra7 15. Ng5 Bf8 16. Qc2 g6 17. Bh4 Nbd7 18. Qb3 Qa8 19. Nge4 Nxe4 20. Nxe4 Bxe4 21. Rxe4 d5 22. Re2 Bg7 23. Rae1 Qc6 24. Bg3 Rc8 25. h4 Nf6 26. Bf4 Raa8 27. Be5 Nh5 28. Re3 Qb7 29. Qd1 b5 30. axb5 axb5 31. Qf3 b4 32. g4 Bxe5 33. Rxe5 Ng7 34. c4 Qe7 35. h5 dxc4 36. Bxc4 Rab8 37. Bb3 Qh4 38. d5 gxh5 39. gxh5 Rb6 40. R5e4 Qe7 1-0

[Event "Bundesliga 0607"]
[Site "Germany"]
[Date "2006.12.10"]
[Round "6.4"]
[White "Berndt, Stephan"]
[Black "Babula, Vlastimil"]
[Result "1/2-1/2"]
[WhiteElo "2445"]
[BlackElo "2584"]
[PlyCount "60"]
[EventDate "2006.10.28"]
[EventType "team-tourn"]
[EventRounds "15"]
[EventCountry "GER"]
[SourceTitle "CBM 116"]
[Source "ChessBase"]
[SourceDate "2007.02.01"]
[SourceVersion "1"]
[SourceVersionDate "2007.02.01"]
[SourceQuality "1"]
[WhiteTeam "Berlin SF"]
[BlackTeam "Werder Bremen"]
[WhiteTeamCountry "GER"]
[BlackTeamCountry "GER"]

1. e4 c5 2. Nf3 d6 3. d4 cxd4 4. Nxd4 Nf6 5. Nc3 e6 6. Bc4 Be7 7. a3 0-0 8. 0-0 Nxe4 9. Nxe4 d5 10. Bd3 dxe4 11. Bxe4 Nd7 12. c3 g6 13. Qe2 Qc7 14. Bh6 Re8 15. Rad1 Nf6 16. Bb1 e5 17. Nb5 Qc6 18. Bg5 Bg4 19. f3 Be6 20. Bxf6 Bxf6 21. Nd6 Red8 22. Ne4 Be7 23. Kh1 Rxd1 24. Rxd1 Rd8 25. Rxd8+ Bxd8 26. g4 f6 27. Kg2 Be7 28. Bd3 a6 29. c4 Qd7 30. Qe3 Qc6 1/2-1/2

[Event "EU-Cup 22nd"]
[Site "Fuegen"]
[Date "2006.10.13"]
[Round "6.4"]
[White "Gunnarsson, Arnar"]
[Black "Berndt, Stephan"]
[Result "1-0"]
[WhiteElo "2430"]
[BlackElo "2445"]
[PlyCount "81"]
[EventDate "2006.10.08"]
[EventType "team-swiss"]
[EventRounds "7"]
[EventCountry "AUT"]
[SourceTitle "CBM 115"]
[Source "ChessBase"]
[SourceDate "2006.11.15"]
[SourceVersion "1"]
[SourceVersionDate "2006.11.15"]
[SourceQuality "1"]
[WhiteTeam "Reykjavik CC"]
[BlackTeam "Berlin SF"]
[WhiteTeamCountry "ISL"]
[BlackTeamCountry "GER"]

1. c4 e5 2. Nc3 Nc6 3. Nf3 g6 4. d4 exd4 5. Nxd4 Bg7 6. Nc2 d6 7. g3 Nge7 8. Bg2 0-0 9. Bd2 Rb8 10. Qc1 Ne5 11. b3 a6 12. a4 Re8 13. 0-0 c6 14. Rd1 Qb6 15. Qa3 Ng4 16. e3 Bf5 17. a5 Qa7 18. Ra2 Ne5 19. Ne1 b5 20. axb6 Qxb6 21. e4 Be6 22. Qxd6 Ng4 23. c5 Qa7 24. h3 Rbd8 25. Qf4 Nxf2 26. Qxf2 Bd4 27. Be3 Bxc3 28. Rd6 Nc8 29. Rxc6 Bxb3 30. Raxa6 Qe7 31. Kh2 Rd1 32. Nc2 Qd7 33. Bh6 Bc4 34. Ne3 Rd2 35. Qf3 Qd3 36. Ra8 Be6 37. Qf4 Qe2 38. Qf1 Qh5 39. Rxe6 fxe6 40. Ng4 Qxc5 41. Bxd2 1-0

[Event "Bundesliga 0506"]
[Site "Germany"]
[Date "2005.12.11"]
[Round "6.4"]
[White "Berndt, Stephan"]
[Black "Seel, Christian"]
[Result "1/2-1/2"]
[WhiteElo "2447"]
[BlackElo "2492"]
[PlyCount "94"]
[EventDate "2005.10.21"]
[EventType "team-tourn"]
[EventRounds "15"]
[EventCountry "GER"]
[SourceTitle "CBM 111"]
[Source "ChessBase"]
[SourceDate "2006.04.04"]
[SourceVersion "1"]
[SourceVersionDate "2006.04.04"]
[SourceQuality "1"]
[WhiteTeam "Neukoelln"]
[BlackTeam "Godesberg"]
[WhiteTeamCountry "GER"]
[BlackTeamCountry "GER"]

1. e4 e5 2. Nf3 Nc6 3. Bb5 Nf6 4. 0-0 Nxe4 5. d4 Nd6 6. Bxc6 dxc6 7. dxe5 Nf5 8. Qxd8+ Kxd8 9. Nc3 Ne7 10. h3 Ng6 11. Be3 Ke8 12. a3 Be7 13. Rfe1 Nh4 14. Nxh4 Bxh4 15. Ne2 Be7 16. Nd4 c5 17. Ne2 Kd7 18. Nf4 Kc6 19. Rad1 Re8 20. g4 Bf8 21. Bc1 a5 22. Ng2 h5 23. f3 b5 24. Kf2 hxg4 25. hxg4 g6 26. Bg5 c4 27. c3 b4 28. axb4 axb4 29. cxb4 Bxb4 30. Bd2 Bxd2 31. Rxd2 Ra5 32. Rc1 Rexe5 33. Rxc4+ Rac5 34. Rxc5+ Kxc5 35. Rc2+ Kb6 36. Ne3 Rc5 37. Rd2 Be6 38. f4 Kb5 39. Kf3 Kb4 40. Ke4 f5+ 41. gxf5 Bxf5+ 42. Kd4 c6 43. Rd1 Rb5 44. Rc1 c5+ 45. Kd5 Bd3 46. Rc3 c4+ 47. Kd4 g5 1/2-1/2

[Event "Bundesliga 0506"]
[Site "Germany"]
[Date "2005.12.10"]
[Round "5.4"]
[White "Timman, Jan H"]
[Black "Berndt, Stephan"]
[Result "1/2-1/2"]
[WhiteElo "2630"]
[BlackElo "2447"]
[PlyCount "108"]
[EventDate "2005.10.21"]
[EventType "team-tourn"]
[EventRounds "15"]
[EventCountry "GER"]
[SourceTitle "CBM 111"]
[Source "ChessBase"]
[SourceDate "2006.04.04"]
[SourceVersion "1"]
[SourceVersionDate "2006.04.04"]
[SourceQuality "1"]
[WhiteTeam "Koeln Porz"]
[BlackTeam "Neukoelln"]
[WhiteTeamCountry "GER"]
[BlackTeamCountry "GER"]

1. Nf3 Nf6 2. g3 b6 3. d4 e6 4. Bg2 Bb7 5. c4 Bb4+ 6. Bd2 Be7 7. Nc3 d5 8. Ne5 0-0 9. 0-0 c6 10. Rc1 Nbd7 11. Bf4 Rc8 12. e4 dxe4 13. Nxe4 Nxe4 14. Bxe4 Nxe5 15. Bxe5 Bd6 16. c5 bxc5 17. Bxd6 Qxd6 18. dxc5 Qc7 19. Qc2 g6 20. Rfd1 Rcd8 21. Qc3 e5 22. b4 Bc8 23. Qf3 Be6 24. Qf6 Bd5 25. Qf3 Bxa2 26. Bxc6 Be6 27. b5 Rd4 28. Rxd4 exd4 29. Qf4 Qxf4 30. gxf4 d3 31. Rd1 Rd8 32. b6 axb6 33. cxb6 Bb3 34. Rd2 Kf8 35. b7 Bc2 36. Bd7 Rb8 37. Bc8 Ke7 38. f3 Kd6 39. Kf2 Kc7 40. Ke3 Rxc8 41. bxc8Q+ Kxc8 42. f5 Kd7 43. Rg2 Ke7 44. fxg6 fxg6 45. h4 Kf6 46. Rg5 Bd1 47. Rd5 Be2 48. h5 gxh5 49. Rxh5 Bd1 50. Rh6+ Kf5 51. Rd6 Bc2 52. f4 Bb1 53. Rd5+ Ke6 54. Re5+ Kf6 1/2-1/2

[Event "Bundesliga 0506"]
[Site "Germany"]
[Date "2005.11.12"]
[Round "3.4"]
[White "Hansen, Sune Berg"]
[Black "Berndt, Stephan"]
[Result "1-0"]
[WhiteElo "2555"]
[BlackElo "2447"]
[PlyCount "53"]
[EventDate "2005.10.21"]
[EventType "team-tourn"]
[EventRounds "15"]
[EventCountry "GER"]
[SourceTitle "CBM 110"]
[Source "ChessBase"]
[SourceDate "2006.01.31"]
[SourceVersion "1"]
[SourceVersionDate "2006.01.31"]
[SourceQuality "1"]
[WhiteTeam "Hamburger SK"]
[BlackTeam "Neukoelln"]
[WhiteTeamCountry "GER"]
[BlackTeamCountry "GER"]

1. e4 c5 2. Nf3 d6 3. Bc4 Nc6 4. d3 Nf6 5. h3 e6 6. Nbd2 a6 7. a3 Be7 8. 0-0 0-0 9. Re1 b5 10. Ba2 Bb7 11. Nf1 Rc8 12. Ng3 Nd7 13. Nh2 Re8 14. c3 Bf8 15. Be3 Nb6 16. Ng4 d5 17. e5 d4 18. Bf4 c4 19. Ne4 Nd5 20. Bg5 Qc7 21. cxd4 Na5 22. dxc4 bxc4 23. Ngf6+ gxf6 24. Nxf6+ Nxf6 25. Bxf6 Bh6 26. Qh5 Qc6 27. f3 1-0

[Event "Bundesliga 0506"]
[Site "Germany"]
[Date "2005.10.21"]
[Round "7.4"]
[White "Berndt, Stephan"]
[Black "Romanishin, Oleg M"]
[Result "0-1"]
[WhiteElo "2447"]
[BlackElo "2547"]
[PlyCount "80"]
[EventDate "2005.10.21"]
[EventType "team-tourn"]
[EventRounds "15"]
[EventCountry "GER"]
[SourceTitle "CBM 110"]
[Source "ChessBase"]
[SourceDate "2006.01.31"]
[SourceVersion "1"]
[SourceVersionDate "2006.01.31"]
[SourceQuality "1"]
[WhiteTeam "Neukoelln"]
[BlackTeam "Kreuzberg"]
[WhiteTeamCountry "GER"]
[BlackTeamCountry "GER"]

1. e4 e5 2. Nf3 Nc6 3. Bb5 a6 4. Ba4 Nf6 5. 0-0 Be7 6. Re1 b5 7. Bb3 d6 8. c3 0-0 9. d3 Na5 10. Bc2 c5 11. Nbd2 Be6 12. Nf1 Rc8 13. h3 Nc6 14. Ng3 Qc7 15. Nh2 d5 16. Qf3 d4 17. Nf5 dxc3 18. bxc3 b4 19. Bb2 bxc3 20. Bxc3 Nd4 21. Bxd4 cxd4 22. Bb3 Bb4 23. Red1 Nd7 24. Ng4 g6 25. Qg3 Bxb3 26. axb3 Kh8 27. Nh4 a5 28. Nf3 f6 29. h4 Nc5 30. Rab1 Ne6 31. Nd2 Nf4 32. Qf3 Qc2 33. Nc4 Qe2 34. Rb2 Qxf3 35. gxf3 Rc6 36. Nh2 Rb8 37. Nf1 Bc3 38. Rbb1 Rc5 39. Nd6 Bb4 40. Ng3 Rc3 0-1